000 00902cam a2200265 a 4500
001 92
003 BR-CuiBMT
005 20231113225725.0
008 230811s2023 mgba 000 0 por d
020 _a9786555183665
040 _aBR-CuiBMT
_cBR-CuiBMT
080 _22007
_a336.14:352
090 _a336.14:352
_bS586o
100 1 _aSilva, Moacir Marques da
245 1 0 _aOrçamento público municipal :
_babordagem prática /
_cMoacir Marques da Silva ; Antonio Carlos Alves Pinto Serrano ... [et al.], apresentação.
260 _aBelo Horizonte :
_bFórum,
_c2023.
300 _a237 p. :
_bil. ;
_c22 cm
504 _aInclui bibliografia.
650 _aOrçamento municipal
650 _aDespesas públicas
_xMunicípios
650 _aGestão pública municipal
650 _aControle orçamentário
_xRecursos públicos
650 _aLei de responsabilidade fiscal
_xMunicípios
942 _2udc
_cLV
999 _c92
_d92